000
00301nam a2200109Ia 4500
008
200302s9999 xx 000 0 und d
100
_a
Winifred M. Mitchell
245
_a
Soft Furnishing In the Home For the Housewife Teacher & Student
260
_b
B.T. Batsford Ltd.
260
_c
1961
300
_a
160 P.,
999
_c
283
_d
283